000 00365nam a22001457a 4500
020 _qPB.
040 _cFIZZA ISHAQ
082 _a621.38
_bTAA
100 _aELALI,S.TAAN.
_991520
245 _aCONTINUOUS SIGNALS AND SYSTEM WITH MATLAB /
_cTAAN S. ELALI.
250 _a2nd ED.
260 _aNEW YORK ;
_bCRC PRESS,
_c2021.
300 _a345 P. ;
942 _2ddc
_cBK
999 _c589644
_d589644